000 00945cpcaa2200253 4500
001 mm 80003318
003 DLC
005 20260227111701.0
008 800129|||||||||||| eng
010 _amm 80003318
040 _aDLC
_cDLC
_edacs
_dDLC
072 7 _aR
_2lcmd
110 2 _aState Historical Society of Wisconsin.
_bLibrary.
245 0 0 _aState Historical Society of Wisconsin. Library :
_klist of manuscript diaries,
_f1934.
300 _a1
_fitem.
506 0 _aOpen to research.
520 8 _aAnnotated typescript list (9 pages) of diaries housed in the library.
546 _aCollection material in English.
580 _aForms part of: Miscellaneous Manuscripts collection.
650 0 _aDiaries.
651 0 _aUnited States
_xArchival resources.
999 _c42666
_d42666